| 000 | 01199nam a2200289Ia 4500 | ||
|---|---|---|---|
| 003 | GCL | ||
| 005 | 20240530110909.0 | ||
| 008 | 140319s2009 ua 000 0 ara d | ||
| 017 |
_a2009/9198 _bمصر. دار الكتب |
||
| 040 |
_aGCL / _cGCL |
||
| 082 | 0 | 4 |
_a320.9565// _bح م |
| 100 | 0 | _aحازم نهار | |
| 245 | 1 | 0 |
_aمسارات السلطة والمعارضة فى سورية : _b2000 - 2008 : نقد الرؤى والممارسات / _cحازم نهار |
| 250 | _aالاولى | ||
| 260 |
_aالقاهرة : _bمركز القاهرة لدراسات حقوق الانسان، _c2009. |
||
| 300 |
_a339 ص ؛ _c24 سم |
||
| 490 | 0 |
_aسلسلة قضايا الاصلاح ؛ _v22 |
|
| 650 | 0 | 7 |
_2qrmak _aالتطور الاجتماعى |
| 650 | 0 | 4 |
_2qrmak _aالاخوان المسلمون |
| 650 | 0 | 7 |
_2qrmak _aالمجتمع المدنى |
| 650 | 0 | 7 |
_2qrmak _aالمجتمعات الحضرية |
| 651 | 0 | 7 |
_2qrmak _aسوريا _xالاحوال السياسية |
| 651 | 0 | 7 |
_2qrmak _aسوريا _xالاحوال الاقتصادية |
| 651 | 0 | 7 |
_2qrmak _aسوريا _xالاحوال الاجتماعية |
| 942 |
_2ddc _cBK |
||
| 999 |
_c66280 _d66280 |
||